banner koha

Estoque de serapilheira em uma floresta em processo de restauração após mineração de bauxita (Registro n. 331936)

MARC details
000 -LÍDER
fixed length control field 03350nab a2200277 i 4500
003 - CÓDIGO MARC DA AGÊNCIA CATALOGADORA
Campo de controle BR-BrBNA
005 - DATA E HORA DA ÚLTIMA ATUALIZAÇÃO
Campo de controle 20250606090316.0
008 - CAMPO DE TAMANHO FIXO
fixed length control field 250606b2018 bl.qr|pooa||| 00| 0 por |
040 ## - FONTE DA CATALOGAÇÃO
Agência catalogadora BR-BrBNA
Idioma da catalogação por
072 ## - CATEGORIA AGRIS
Código AGRIS P34
100 ## - ENTRADA PRINCIPAL - NOME PESSOAL
Nome pessoal Silva, Kelly de Almeida
100 ## - ENTRADA PRINCIPAL - NOME PESSOAL
Nome pessoal Martins, Sebastião Venâncio
100 ## - ENTRADA PRINCIPAL - NOME PESSOAL
Nome pessoal Miranda Neto, Aurino
100 ## - ENTRADA PRINCIPAL - NOME PESSOAL
Nome pessoal Lopes, Aldo Teixeira
245 ## - TÍTULO PRINCIPAL
Título principal Estoque de serapilheira em uma floresta em processo de restauração após mineração de bauxita
500 ## - NOTA GERAL
Nota geral Publicação on-line; 32 ref.; 2 tables; 4 illus.; Summaries (En, Pt)
942 ## - ADDED ENTRY ELEMENTS (KOHA)
Koha item type Analítica
520 ## - NOTA DE RESUMO
Nota de conteúdo <br/><br/>Resumo<br/><br/>O presente estudo teve como objetivo avaliar a serapilheira acumulada em dois ambientes, uma floresta em<br/>processo de restauração, após a mineração de bauxita, e um ecossistema de referência (remanescente de floresta<br/>secundária em estágio médio de sucessão), e verificar a relação de variáveis ambientais (abertura de dossel,<br/>compactação do solo, regeneração natural) com o acúmulo de serapilheira em ambas florestas. Foram alocadas<br/>30 parcelas de 2 × 2 m em cada uma das duas florestas. No centro de cada parcela coletou-se todo o material<br/>orgânico contido em amostras de 0,5 × 0,5 m para posterior obtenção da massa seca. Há dissimilaridade entre<br/>as duas florestas, em relação ao estoque de serapilheira e demais variáveis ambientais avaliadas. A floresta<br/>em restauração apresentou menor acúmulo de serapilheira que o ecossistema de referência. O maior acúmulo<br/>de serapilheira, em ambas florestas, acontece em locais com maior quantidade de indivíduos do estrato de<br/>regeneração natural e em locais que apresentam solos menos compactados.<br/><br/>Palavras-chave: abertura do dossel, compactação do solo, ecossistema de referência, regeneração natural.<br/><br/><br/><br/><br/>Abstract<br/><br/>The present study had as objective to evaluate the accumulated litter in two environments, a forest under<br/>restoration, after the bauxite mining, and a reference ecosystem (remaining secondary forest in a midsuccessional stage), <br/>and investigate the relationship between environmental variables (canopy opening, soil<br/>compaction, natural regeneration) and litter accumulation in both forests. Thirty plots of 2 × 2 m in each<br/>forest were allocated. In the center of each plot, all organic material contained in samples of 0.5 × 0.5 m was<br/>collected to obtain the dry mass. There is dissimilarity between the two forests, in relation to the litter stock<br/>and other environmental variables evaluated. The forest in restoration presents less litter accumulation than<br/>the reference ecosystem. The largest litter accumulation in both forests occurs in sites with higher number of<br/>individuals in the natural regeneration layer and in sites with lower soil compaction.<br/><br/>Key words: canopy openness, soil compaction, reference ecosystem, natural regeneration.
650 ## - ASSUNTO - THESAGRO
Cabeçalho tópico ou nome geográfico COMPACTAÇÃO DO SOLO
650 ## - ASSUNTO - THESAGRO
Cabeçalho tópico ou nome geográfico ECOSSISTEMA
650 ## - ASSUNTO - THESAGRO
Cabeçalho tópico ou nome geográfico REGENERAÇÃO NATURAL
650 ## - ASSUNTO - THESAGRO
Cabeçalho tópico ou nome geográfico SERAPILHEIRA
773 0# - ENTRADA ANALÍTICA
Host Biblionumber 709
Registro do item 350746
Imprenta Rio de Janeiro-RJ Jardim Botanico do Rio de Janeiro 1935
Outro identificador 2025-3371
Título Rodriguésia (Brazil)
ISSN 0370-6583; 2175-7860 on-line
Colação v. 69(2) p. 853-861; (2018)
Número de controle de registro BR2025003058
856 ## - ACESSO E ENDEREÇO ELETRÔNICO
Identificador uniforme de recurso - URI https://www.scielo.br/j/rod/a/T77ZhNfmPwTDb6NnbgTJmXJ/?format=pdf&lang=pt

Nenhum exemplar disponível.

BINAGRI

Telefone: (61)3218-2567/2388/3357/2097 - binagri@agro.gov.br

Ministério da Agricultura e Pecuária , Esplanada dos Ministérios, Bloco D, Anexo B, Brasília/DF, CEP: 70.043-900